00481nam a22001457a 4500003000400000005001700004008004100021040001100062041001200073100005700085245006100142260005300203650002200256856005700278OSt20260203160325.0260203b |||||||| |||| 00| 0 eng d cMRSPTU aEnglish aKamaljeet Singh Toor, Supervisor: Dr. Manjeet Bansal aA Study on Effect of Aggregate Size on Concrete Strength bDepartment of Civil Engg. MRSPTU, Bathindac2017 aCivil Engineering uhttp://163.47.215.52:8080/jspui/handle/123456789/297